[Event "Catalunya-ch Previa"]
[Site "Girona"]
[Date "2016.01.30"]
[Round "6.2"]
[White "Salleras Mercader, Josep M"]
[Black "Rodriguez Fernandez, Bernat de Claravall"]
[Result "1/2-1/2"]
[WhiteElo "2007"]
[BlackElo "1853"]
[PlyCount "81"]
[EventDate "2016.01.16"]
[EventType "swiss"]
[EventRounds "5"]
[EventCountry "ESP"]
[SourceTitle "EXT 2024"]
[Source "ChessBase"]
[SourceDate "2023.10.10"]
[SourceVersion "1"]
[SourceVersionDate "2023.10.10"]
[SourceQuality "1"]

1. e4 d5 2. exd5 Nf6 3. Nf3 Nxd5 4. g3 Bg4 5. h3 Bh5 6. Bg2 e6 7. g4 Bg6 8. Ne5 Nd7 9. Nxd7 Qxd7 10. Nc3 0-0-0 11. d3 Bb4 12. Bd2 Bxc3 13. Bxc3 Nxc3 14. bxc3 Qd6 15. Qf3 Qe5+ 16. Kd2 Qg5+ 17. Qe3 Qxe3+ 18. Kxe3 Rd6 19. Rab1 Rb6 20. f4 Rd8 21. Rhf1 Rdd6 22. h4 h5 23. f5 Rxb1 24. Rxb1 exf5 25. gxf5 Bxf5 26. Bxb7+ Kd7 27. Bf3 g6 28. Rb4 Rb6 29. Ra4 Rb2 30. Kd2 Be6 31. c4 Rb1 32. Rxa7 Rf1 33. Be4 f5 34. Ba8 Rf2+ 35. Kd1 f4 36. Ra6 Rh2 37. Bc6+ Ke7 38. a4 Bg4+ 39. Ke1 f3 40. Bxf3 Bxf3 41. Rxg6 1/2-1/2

[Event "Girona op 6th"]
[Site "Girona"]
[Date "2015.07.13"]
[Round "1"]
[White "Gonzalez Vericat, Sergio"]
[Black "Rodriguez Fernandez, Bernat de Claravall"]
[Result "1-0"]
[WhiteElo "2269"]
[BlackElo "1861"]
[PlyCount "39"]
[EventDate "2015.07.13"]
[EventType "swiss"]
[EventRounds "9"]
[EventCountry "ESP"]
[SourceTitle "EXT 2016"]
[Source "ChessBase"]
[SourceDate "2015.10.08"]
[SourceVersion "1"]
[SourceVersionDate "2015.10.08"]
[SourceQuality "1"]

1. e4 e5 2. Nf3 Nf6 3. Nxe5 d6 4. Nf3 Nxe4 5. Nc3 Nxc3 6. dxc3 Nc6 7. Bf4 g6 8. Bg5 Be7 9. Bh6 Bf6 10. Qd2 Ne5 11. Be2 Be6 12. Nd4 g5 13. 0-0-0 Qd7 14. Bxg5 Bxg5 15. Qxg5 Qe7 16. Nxe6 Qxe6 17. f4 Nc6 18. Bg4 Qg6 19. Qh4 f5 20. Bh5 1-0

[Event "Girona-ch"]
[Site "Blanes"]
[Date "2015.??.??"]
[Round "1"]
[White "Cobos Navarro, Francesco"]
[Black "Rodriguez Fernandez, Bernat de Claravall"]
[Result "1-0"]
[WhiteElo "2116"]
[BlackElo "1835"]
[PlyCount "55"]
[EventDate "2015.09.27"]
[EventType "swiss"]
[EventRounds "9"]
[EventCountry "ESP"]
[SourceTitle "EXT 2017"]
[Source "ChessBase"]
[SourceDate "2016.10.25"]
[SourceVersion "1"]
[SourceVersionDate "2016.10.25"]
[SourceQuality "1"]

1. e4 e5 2. Nf3 Nf6 3. Nc3 Nc6 4. Bb5 Bb4 5. 0-0 0-0 6. d3 h6 7. a3 Bxc3 8. bxc3 d6 9. h3 a6 10. Ba4 b5 11. Bb3 Be6 12. Re1 Re8 13. d4 Bxb3 14. cxb3 exd4 15. Nxd4 Nxd4 16. Qxd4 d5 17. e5 Qe7 18. Bxh6 c5 19. Qd2 Ne4 20. Qxd5 Nxc3 21. Qd3 b4 22. axb4 cxb4 23. Qg3 g6 24. Bg5 Qd7 25. Qh4 Qf5 26. g4 Qf3 27. Bf6 Ne2+ 28. Rxe2 1-0

[Event "Santa Eugenia op 10th"]
[Site "Santa Eugenia"]
[Date "2015.??.??"]
[Round "1"]
[White "Perdomo Raudales, Javier Fern"]
[Black "Rodriguez Fernandez, Bernat de Claravall"]
[Result "1-0"]
[WhiteElo "1677"]
[BlackElo "1861"]
[PlyCount "101"]
[EventDate "2015.04.17"]
[EventType "swiss"]
[EventRounds "9"]
[EventCountry "ESP"]
[SourceTitle "EXT 2016"]
[Source "ChessBase"]
[SourceDate "2015.10.08"]
[SourceVersion "1"]
[SourceVersionDate "2015.10.08"]
[SourceQuality "1"]

1. e4 e5 2. Nf3 Nf6 3. Nc3 Nc6 4. Bb5 Bb4 5. d3 d6 6. 0-0 0-0 7. Bxc6 bxc6 8. Bd2 Bg4 9. a3 Ba5 10. h3 Bh5 11. Qe2 Rb8 12. b4 Bb6 13. Na4 Qe7 14. Nxb6 cxb6 15. Bc3 Rfc8 16. Rad1 c5 17. b5 h6 18. Rd2 Nh7 19. Qe3 Qf6 20. Nh2 Qe6 21. Qg3 Bg6 22. f4 exf4 23. Qxf4 d5 24. exd5 Qxd5 25. Nf3 c4 26. dxc4 Qc5+ 27. Qd4 Qxd4+ 28. Rxd4 Bxc2 29. Ne5 Nf6 30. Nc6 Rb7 31. Re1 Re8 32. Rxe8+ Nxe8 33. Rd8 Kf8 34. Bb4+ Kg8 35. Rxe8+ Kh7 36. Re7 Rxe7 37. Nxe7 Bd3 38. Nc6 Bxc4 39. Nxa7 Kg6 40. Be7 Kf5 41. Bd8 Ke6 42. Bxb6 Kd6 43. Bd4 g6 44. b6 Bd5 45. a4 Bb7 46. Nb5+ Kd5 47. Bf2 Kc6 48. Nc7 Kd7 49. a5 Bc6 50. a6 Kc8 51. a7 1-0

[Event "Santa Eugenia op 10th"]
[Site "Santa Eugenia"]
[Date "2015.??.??"]
[Round "2"]
[White "Rodriguez Fernandez, Bernat de Claravall"]
[Black "Tardio Gemar, Francesc I"]
[Result "1-0"]
[WhiteElo "1861"]
[BlackElo "1727"]
[PlyCount "49"]
[EventDate "2015.04.17"]
[EventType "swiss"]
[EventRounds "9"]
[EventCountry "ESP"]
[SourceTitle "EXT 2016"]
[Source "ChessBase"]
[SourceDate "2015.10.08"]
[SourceVersion "1"]
[SourceVersionDate "2015.10.08"]
[SourceQuality "1"]

1. d4 g6 2. c4 d6 3. Nc3 a6 4. Nf3 Nf6 5. Bg5 Bg7 6. e3 Bg4 7. h3 Bf5 8. Bd3 Bxd3 9. Qxd3 c6 10. 0-0 h6 11. Bh4 0-0 12. b4 Nbd7 13. b5 axb5 14. cxb5 Ra3 15. bxc6 bxc6 16. Qc4 Qc7 17. Nb5 d5 18. Qc1 Qa5 19. Qxa3 Qxb5 20. Rab1 Qc4 21. Rfc1 Qe2 22. Rb2 Qxf3 23. gxf3 Re8 24. Bxf6 Bxf6 25. Rxc6 1-0

[Event "Girona-ch"]
[Site "Blanes"]
[Date "2015.??.??"]
[Round "8"]
[White "Subirana Rafart, Gaspar"]
[Black "Rodriguez Fernandez, Bernat de Claravall"]
[Result "1-0"]
[WhiteElo "1941"]
[BlackElo "1835"]
[PlyCount "91"]
[EventDate "2015.09.27"]
[EventType "swiss"]
[EventRounds "9"]
[EventCountry "ESP"]
[SourceTitle "EXT 2017"]
[Source "ChessBase"]
[SourceDate "2016.10.25"]
[SourceVersion "1"]
[SourceVersionDate "2016.10.25"]
[SourceQuality "1"]

1. b4 b5 2. Bb2 Bb7 3. e3 e6 4. Nf3 Nf6 5. a3 a6 6. c4 bxc4 7. Bxc4 d5 8. Be2 c5 9. bxc5 Bxc5 10. Be5 Nbd7 11. d4 Nxe5 12. Nxe5 Qa5+ 13. Nd2 Bd6 14. 0-0 Bxe5 15. dxe5 Nd7 16. Nf3 0-0 17. Qd4 Rfc8 18. Bd3 Qc3 19. Rac1 Qb3 20. Rb1 Qc3 21. Rxb7 Qc6 22. Rfb1 Nc5 23. R7b6 Qc7 24. Bf1 Ne4 25. Rxa6 Rxa6 26. Bxa6 Qc2 27. Rb2 Qc1+ 28. Bf1 Nc3 29. Qd2 Qxd2 30. Nxd2 g6 31. g3 Ra8 32. Rb3 Na4 33. Bb5 Nc5 34. Rc3 Na4 35. Bxa4 Rxa4 36. Kf1 Kg7 37. Ke2 f6 38. exf6+ Kxf6 39. f3 e5 40. Rb3 h5 41. e4 d4 42. Kd3 g5 43. Nc4 g4 44. fxg4 hxg4 45. Rb5 Ra7 46. Rxe5 1-0

[Event "Girona op 5th"]
[Site "Girona"]
[Date "2014.07.17"]
[Round "3"]
[White "Naharro Mohedas, German"]
[Black "Rodriguez Fernandez, Bernat de Claravall"]
[Result "1-0"]
[WhiteElo "2031"]
[BlackElo "1877"]
[PlyCount "80"]
[EventDate "2014.07.15"]
[EventType "swiss"]
[EventRounds "9"]
[EventCountry "ESP"]
[SourceTitle "EXT 2016"]
[Source "ChessBase"]
[SourceDate "2015.10.08"]
[SourceVersion "1"]
[SourceVersionDate "2015.10.08"]
[SourceQuality "1"]

1. e4 e5 2. Nf3 Nf6 3. Nc3 Nc6 4. Bc4 Nxe4 5. Bxf7+ Kxf7 6. Nxe4 Be7 7. d3 Rf8 8. Be3 Kg8 9. 0-0 d5 10. Ng3 Bg4 11. Re1 e4 12. dxe4 Ne5 13. Qxd5+ Qxd5 14. exd5 Bxf3 15. Bd4 Ng6 16. gxf3 Rxf3 17. Ne4 Rd8 18. c4 c6 19. Bxa7 cxd5 20. cxd5 Rxd5 21. Rac1 Ra5 22. Rc8+ Bf8 23. Bc5 Rf4 24. Bxf8 Nxf8 25. Nc3 Rg5+ 26. Kf1 Rh5 27. Kg2 Rg5+ 28. Kf1 Rh5 29. Kg2 Rg4+ 30. Kf3 Rg6 31. Ree8 Rh3+ 32. Ke2 Rf6 33. Ne4 Rf4 34. a4 Rxh2 35. a5 Rh5 36. Rc5 Rh2 37. b4 h5 38. b5 h4 39. a6 bxa6 40. bxa6 h3 1-0

[Event "Santa Eugenia op 9th"]
[Site "Santa Eugenia"]
[Date "2014.05.09"]
[Round "3"]
[White "Castro Granolleras, Albert"]
[Black "Rodriguez Fernandez, Bernat de Claravall"]
[Result "0-1"]
[WhiteElo "1700"]
[BlackElo "1843"]
[PlyCount "25"]
[EventDate "2014.04.25"]
[EventType "swiss"]
[EventRounds "9"]
[EventCountry "ESP"]
[SourceTitle "EXT 2015"]
[Source "ChessBase"]
[SourceDate "2014.11.20"]
[SourceVersion "1"]
[SourceVersionDate "2014.11.20"]
[SourceQuality "1"]

1. e4 d5 2. Nc3 dxe4 3. Nxe4 Nf6 4. Bd3 Nc6 5. Nf3 Bg4 6. 0-0 Ne5 7. Nxe5 Bxd1 8. Rxd1 Nxe4 9. Bb5+ c6 10. Bd3 Nxf2 11. Rf1 Nxd3 12. Nxd3 e6 13. Ne5 0-1

[Event "Catalunya-ch U14"]
[Site "Saragosa"]
[Date "2014.02.01"]
[Round "5.4"]
[White "Rodriguez Fernandez, Bernat de Claravall"]
[Black "Blanch Chadli, Jacint"]
[Result "0-1"]
[WhiteElo "1843"]
[BlackElo "1862"]
[PlyCount "71"]
[EventDate "2014.01.25"]
[EventType "swiss"]
[EventRounds "8"]
[EventCountry "ESP"]
[SourceTitle "EXT 2024"]
[Source "ChessBase"]
[SourceDate "2023.10.10"]
[SourceVersion "1"]
[SourceVersionDate "2023.10.10"]
[SourceQuality "1"]

1. d4 Nf6 2. c4 g6 3. Nc3 Bg7 4. Nf3 d6 5. Bf4 Bg4 6. e3 Nc6 7. h3 Bxf3 8. Qxf3 a6 9. Rd1 0-0 10. Bd3 Re8 11. 0-0 Qd7 12. Ne4 Nh5 13. Bg5 Nb4 14. a3 Nxd3 15. Rxd3 Qc6 16. Nd2 Qxf3 17. Nxf3 h6 18. Bh4 g5 19. Bg3 Nxg3 20. fxg3 Rad8 21. Rc1 c5 22. dxc5 dxc5 23. Rb3 Rd7 24. Ne1 Red8 25. Kf1 Be5 26. g4 Bg3 27. Rb6 Rd1 28. Rxd1 Rxd1 29. Ke2 Rxe1+ 30. Kf3 Bd6 31. Rxb7 Rb1 32. Ra7 Rxb2 33. Rxa6 Rb8 34. Ke4 Kf8 35. Kd5 Ke8 36. e4 0-1

[Event "Santa Eugenia op 8th"]
[Site "Girona"]
[Date "2013.08.??"]
[Round "6.11"]
[White "Salleras Mercader, Josep M"]
[Black "Rodriguez Fernandez, Bernat de Claravall"]
[Result "1-0"]
[WhiteElo "1455"]
[BlackElo "1255"]
[PlyCount "101"]
[EventDate "2013.08.19"]
[EventType "swiss"]
[EventRounds "9"]
[EventCountry "ESP"]
[SourceTitle "EXT 2024"]
[Source "ChessBase"]
[SourceDate "2023.10.10"]
[SourceVersion "1"]
[SourceVersionDate "2023.10.10"]
[SourceQuality "1"]

1. e4 e5 2. Nf3 Nf6 3. d4 exd4 4. e5 Ne4 5. Qxd4 d5 6. exd6 Nxd6 7. Bg5 f6 8. Bf4 Nc6 9. Qe3+ Qe7 10. Be2 Qxe3 11. Bxe3 Bf5 12. c3 Be7 13. 0-0 0-0 14. Na3 a6 15. Nc4 Rad8 16. Rad1 b5 17. Nxd6 Rxd6 18. Nd4 Nxd4 19. Bxd4 Re6 20. Bf3 Rd8 21. Be3 Rxd1 22. Rxd1 Rd6 23. Bf4 Rxd1+ 24. Bxd1 Bd6 25. Bxd6 cxd6 26. Bf3 Be6 27. a3 a5 28. Kf1 Kf7 29. Ke2 Bc4+ 30. Ke3 g5 31. Kd4 Ke6 32. g3 f5 33. Bc6 a4 34. h3 Bb3 35. Bxb5 h5 36. Bc4+ Bxc4 37. Kxc4 Ke5 38. b4 axb3 39. Kxb3 f4 40. a4 Ke4 41. a5 fxg3 42. fxg3 Kf3 43. a6 Kxg3 44. a7 Kxh3 45. a8Q g4 46. Qh1+ Kg3 47. Qxh5 Kf3 48. Kc4 Kf4 49. Kd5 g3 50. Qg6 Kf3 51. Kxd6 1-0

[Event "Girona op-B 4th"]
[Site "Girona"]
[Date "2013.07.16"]
[Round "2"]
[White "Rodriguez Fernandez, Bernat de Claravall"]
[Black "Delgado Rus, Juan Antonio"]
[Result "0-1"]
[WhiteElo "1255"]
[BlackElo "1619"]
[PlyCount "90"]
[EventDate "2013.07.15"]
[EventType "swiss"]
[EventRounds "9"]
[EventCountry "ESP"]
[SourceTitle "EXT 2015"]
[Source "ChessBase"]
[SourceDate "2014.11.20"]
[SourceVersion "1"]
[SourceVersionDate "2014.11.20"]
[SourceQuality "1"]

1. d4 d5 2. c4 e6 3. Nc3 Nf6 4. Nf3 Nbd7 5. Bg5 Be7 6. e3 0-0 7. Bd3 dxc4 8. Bxc4 b6 9. 0-0 Bb7 10. Qe2 a6 11. Rfd1 Nd5 12. Bxd5 exd5 13. Bf4 h6 14. Rac1 Nf6 15. Nh4 Bc8 16. Nf3 Bg4 17. h3 Bh5 18. Nb1 Bd6 19. Bxd6 Qxd6 20. a3 Rfe8 21. Rc2 Ne4 22. Rdc1 Ra7 23. Rc6 Qd7 24. g4 Bxg4 25. hxg4 Qxg4+ 26. Kf1 Qh3+ 27. Kg1 Qg4+ 28. Kf1 Qh3+ 29. Kg1 g5 30. Ne5 Qh4 31. Ng4 Re6 32. Rxc7 Rxc7 33. Rxc7 h5 34. Qf3 Qxg4+ 35. Qxg4 hxg4 36. Rc2 Rf6 37. Nc3 Rc6 38. Rc1 f5 39. Kg2 Kf7 40. Rc2 Ke6 41. Rc1 Nd2 42. Ne2 Rxc1 43. Nxc1 f4 44. Ne2 f3+ 45. Kg3 fxe2 0-1